Hindle Wakes a play in three acts। (Record no. 1224127)

MARC details
000 -LEADER
fixed length control field 00533nam a2200193Ia 4500
008 - FIXED-LENGTH DATA ELEMENTS--GENERAL INFORMATION
fixed length control field 151121s9999||||xx |||||||||||||| ||und||
082 ## - DEWEY DECIMAL CLASSIFICATION NUMBER
Classification number 822/Hou
082 ## - DEWEY DECIMAL CLASSIFICATION NUMBER
Item number HNW-28773
100 ## - MAIN ENTRY--PERSONAL NAME
Personal name Houghton Stanley
245 ## - TITLE STATEMENT
Title Hindle Wakes a play in three acts।
260 ## - PUBLICATION, DISTRIBUTION, ETC. (IMPRINT)
Name of publisher, distributor, etc "Sidgwick & Jackson, Ltd।, London"
260 ## - PUBLICATION, DISTRIBUTION, ETC. (IMPRINT)
Date of publication, distribution, etc --
300 ## - PHYSICAL DESCRIPTION
Extent 109
600 ## - SUBJECT ADDED ENTRY--PERSONAL NAME
Personal name Houghton Stanley
630 ## - SUBJECT ADDED ENTRY--UNIFORM TITLE
Uniform title Hindle Wakes a play in three acts।
700 ## - ADDED ENTRY--PERSONAL NAME
Personal name Houghton Stanley
730 ## - ADDED ENTRY--UNIFORM TITLE
Uniform title Hindle Wakes a play in three acts।
942 ## - ADDED ENTRY ELEMENTS (KOHA)
Koha item type Book
Holdings
Withdrawn status Lost status Damaged status Not for loan Home library Current library Date acquired Cost, normal purchase price Total Checkouts Full call number Barcode Date last seen Cost, replacement price Price effective from Koha item type
        Hirachand Nemchand Wachanalaya, Solapur Hirachand Nemchand Wachanalaya, Solapur 11/21/2015 0.00   HNW-28773 HNW-28773 11/21/2015 0.00 11/21/2015 Book